<?xml version="1.0" encoding="UTF-8"?>
<record
    xmlns:xsi="http://www.w3.org/2001/XMLSchema-instance"
    xsi:schemaLocation="http://www.loc.gov/MARC21/slim http://www.loc.gov/standards/marcxml/schema/MARC21slim.xsd"
    xmlns="http://www.loc.gov/MARC21/slim">

  <leader>01017cam a2200265 a 4500</leader>
  <controlfield tag="003">OSt</controlfield>
  <controlfield tag="005">20150408113946.0</controlfield>
  <controlfield tag="008">060103s1995    jo     g      000 0 ara c</controlfield>
  <datafield tag="040" ind1=" " ind2=" ">
    <subfield code="a">MU</subfield>
    <subfield code="b">ara</subfield>
    <subfield code="c">mb</subfield>
  </datafield>
  <datafield tag="082" ind1="0" ind2="4">
    <subfield code="a">243</subfield>
    <subfield code="2">21</subfield>
  </datafield>
  <datafield tag="082" ind1="0" ind2="4">
    <subfield code="a">214. 75</subfield>
    <subfield code="b">&#x639;&#x645;&#x631;</subfield>
    <subfield code="2">21</subfield>
  </datafield>
  <datafield tag="100" ind1="1" ind2=" ">
    <subfield code="a">&#x627;&#x644;&#x623;&#x634;&#x642;&#x631;&#x60C; &#x639;&#x645;&#x631; &#x633;&#x644;&#x64A;&#x645;&#x627;&#x646; &#x639;&#x628;&#x62F; &#x627;&#x644;&#x644;&#x647;&#x60C;</subfield>
    <subfield code="d">1940-</subfield>
    <subfield code="9">213</subfield>
  </datafield>
  <datafield tag="245" ind1="1" ind2="2">
    <subfield code="a">&#x627;&#x644;&#x64A;&#x648;&#x645; &#x627;&#x644;&#x622;&#x62E;&#x631; :</subfield>
    <subfield code="b">&#x627;&#x644;&#x642;&#x64A;&#x627;&#x645;&#x629; &#x627;&#x644;&#x643;&#x628;&#x631;&#x649; /</subfield>
    <subfield code="c">&#x62A;&#x623;&#x644;&#x64A;&#x641; &#x639;&#x645;&#x631; &#x633;&#x644;&#x64A;&#x645;&#x627;&#x646; &#x627;&#x644;&#x623;&#x634;&#x642;&#x631;.</subfield>
  </datafield>
  <datafield tag="250" ind1=" " ind2=" ">
    <subfield code="a">&#x637;. 6.</subfield>
  </datafield>
  <datafield tag="260" ind1=" " ind2=" ">
    <subfield code="a">&#x639;&#x645;&#x627;&#x646;&#x60C; &#x627;&#x644;&#x623;&#x631;&#x62F;&#x646; :</subfield>
    <subfield code="b">&#x62F;&#x627;&#x631; &#x627;&#x644;&#x646;&#x641;&#x627;&#x626;&#x633;&#x60C;</subfield>
    <subfield code="c">1423=2004</subfield>
  </datafield>
  <datafield tag="300" ind1=" " ind2=" ">
    <subfield code="a">287 &#x635;.</subfield>
  </datafield>
  <datafield tag="490" ind1="1" ind2=" ">
    <subfield code="a">&#x627;&#x644;&#x639;&#x642;&#x64A;&#x62F;&#x629; &#x641;&#x64A; &#x636;&#x648;&#x621; &#x627;&#x644;&#x643;&#x62A;&#x627;&#x628; &#x648;&#x627;&#x644;&#x633;&#x646;&#x629; &#x61B;</subfield>
    <subfield code="v">5</subfield>
  </datafield>
  <datafield tag="650" ind1=" " ind2="7">
    <subfield code="a">&#x64A;&#x648;&#x645; &#x627;&#x644;&#x642;&#x64A;&#x627;&#x645;&#x629;</subfield>
    <subfield code="2">aucsh</subfield>
    <subfield code="9">224</subfield>
  </datafield>
  <datafield tag="650" ind1=" " ind2="7">
    <subfield code="a">&#x639;&#x644;&#x627;&#x645;&#x627;&#x62A; &#x627;&#x644;&#x633;&#x627;&#x639;&#x629;</subfield>
    <subfield code="2">aucsh</subfield>
    <subfield code="9">6292</subfield>
  </datafield>
  <datafield tag="650" ind1=" " ind2="7">
    <subfield code="a">&#x627;&#x644;&#x633;&#x645;&#x639;&#x64A;&#x627;&#x62A; (&#x639;&#x644;&#x645; &#x643;&#x644;&#x627;&#x645;)</subfield>
    <subfield code="2">aucsh</subfield>
    <subfield code="9">215</subfield>
  </datafield>
  <datafield tag="830" ind1=" " ind2="2">
    <subfield code="a">&#x627;&#x644;&#x639;&#x642;&#x64A;&#x62F;&#x629; &#x641;&#x64A; &#x636;&#x648;&#x621; &#x627;&#x644;&#x643;&#x62A;&#x627;&#x628; &#x648;&#x627;&#x644;&#x633;&#x646;&#x629;</subfield>
    <subfield code="v">5</subfield>
    <subfield code="9">6293</subfield>
  </datafield>
  <datafield tag="942" ind1=" " ind2=" ">
    <subfield code="2">ddc</subfield>
    <subfield code="c">BOOK</subfield>
  </datafield>
  <datafield tag="949" ind1=" " ind2=" ">
    <subfield code="a">MU</subfield>
    <subfield code="d">08/09/2009</subfield>
    <subfield code="i">3758298</subfield>
    <subfield code="j">13478MU</subfield>
    <subfield code="n">1</subfield>
    <subfield code="u">system.</subfield>
  </datafield>
  <datafield tag="949" ind1=" " ind2=" ">
    <subfield code="a">ARUC</subfield>
    <subfield code="n">1</subfield>
    <subfield code="d">2011/8/4</subfield>
    <subfield code="u">training</subfield>
  </datafield>
  <datafield tag="999" ind1=" " ind2=" ">
    <subfield code="c">18206</subfield>
    <subfield code="d">252706</subfield>
  </datafield>
  <datafield tag="952" ind1=" " ind2=" ">
    <subfield code="1">0</subfield>
    <subfield code="2">2013-03-10</subfield>
    <subfield code="4">0</subfield>
    <subfield code="7">0</subfield>
    <subfield code="a">243 &#x627; &#x639; &#x627;</subfield>
    <subfield code="d">2011-11-03</subfield>
    <subfield code="h">SHF</subfield>
    <subfield code="i">00038690</subfield>
    <subfield code="m">SHF</subfield>
    <subfield code="r">2013-03-10 00:00:00</subfield>
    <subfield code="t">BOOK</subfield>
    <subfield code="w">ddc</subfield>
    <subfield code="y">0</subfield>
  </datafield>
</record>
